000 00688nam a22002177a 4500
003 UA-OsUOA
001 47326
007 ta
008 20070716b un ||||| |||| 00| 0 ukr d
100 _aМахсма М.
090 _a330
_bМ-12
942 _cSA
040 _aUA-OsUOA
_bukr
_cUA-OsUOA
_dUA-OsUOA
245 _aСвітові тенденції трансформації зайнятості населення в умовах глобалізації економіки
300 _aС.10-15
955 _a0
041 _aukr
080 _a330
773 0 _w47324
_tУкраїна: аспекти праці
_dК.
_d2007
_g4
650 7 _a330 Економіка взагалі
_2UDC
999 _c333426
_d333426